000 00679nam a2200205Ii 4500
003 JO-AjNU
008 230606s9999||||xx |||||||||||||| ||und||
020 _a0-521-77162-5 / 0-521-77763-1
040 _aJO-AjNU
_beng
_erda
_cJO-AjNU
041 _aeng
050 1 4 _aHV6768.W44 2001
100 3 _aWeisburd,David / Elin Waring,
_eauthor
_9359
245 0 0 _aWhite-collar crime and criminal careers David Weisburd
264 3 1 _aNew York: Cambridge University Press,2001
300 _a189P
_bIncludes references indexes(p165-189)
336 _atext
_btxt
_2rdacontent
337 _aunmediated
_bn
_2rdamedia
338 _avolume
_bnc
_2rdacarrier
650 4 _aWhite collar crimes
_9360
999 _aE190
_c190
_d190